|
|
|
|
| LEADER |
00000nam0a2200000 4500 |
| 001 |
53088 |
| 005 |
20231031044317.0 |
| 035 |
|
|
|a (RuTPU)RU\TPU\book\55668
|
| 090 |
|
|
|a 53088
|
| 100 |
|
|
|a 20030611d1984 m y0rusy50 ca
|
| 101 |
0 |
|
|a rus
|
| 102 |
|
|
|a RU
|
| 105 |
|
|
|a y j 001zy
|
| 200 |
1 |
|
|a Экономика массового машиностроения
|e учебное пособие
|f Под ред. Б. В. Власова, Г. Б. Каца
|
| 210 |
|
|
|a Москва
|c Высшая школа
|d 1984
|
| 215 |
|
|
|a 319 с.
|c ил.
|
| 320 |
|
|
|a Предм. указ.: с. 315-316
|
| 610 |
1 |
|
|a машиностроение
|
| 610 |
1 |
|
|a машиностроительная промышленность
|
| 610 |
1 |
|
|a СССР
|
| 610 |
1 |
|
|a капитальное строительство
|
| 610 |
1 |
|
|a управление
|
| 610 |
1 |
|
|a планирование
|
| 610 |
1 |
|
|a себестоимость
|
| 610 |
1 |
|
|a цена
|
| 610 |
1 |
|
|a прибыль
|
| 610 |
1 |
|
|a рентабельность
|
| 610 |
1 |
|
|a экономика
|
| 610 |
1 |
|
|a хозяйственный расчет
|
| 610 |
1 |
|
|a учебные пособия
|
| 675 |
|
|
|a 621.002(075.8)
|v 3
|
| 702 |
|
1 |
|a Власов
|b Б. В.
|g Борис Владимирович
|4 340
|
| 702 |
|
1 |
|a Кац
|b Г. Б.
|4 340
|
| 801 |
|
1 |
|a RU
|b 63413507
|c 20030611
|g PSBO
|
| 801 |
|
2 |
|a RU
|b 63413507
|c 20211120
|g PSBO
|
| 942 |
|
|
|c BK
|